• 首页
  • 本馆介绍
  • 公告通知
  • 最新文献
  • 馆藏检索
  • 电子资源
  • 读者导购
  • 参考咨询
  • 我的图书馆
  • 登录
  • 详细信息显示
  • 放入我的书架
  • 预约/预借图书
  • 作者相关作品
  • 分类相关作品
  • 丛书相关作品
  • 出版社相关作品

书目信息

  • 表格格式
  • 工作单格式
  • 卡片格式
题名:
跟我学
    
 
作者: ;中央电视台电视教育部 , 英语广播公司英语教学部 编
分册: 上册  
出版信息: 北京   中国广播电视出版社  1985
页数: 408页
开本: 20cm
丛书名:
单 册:
中图分类: H319.4 , H31
科图分类:
主题词: 英语--电视教育--教材 , 英语
电子资源:
ISBN:
000 00869nam0 2200265 45
001 0185013720
005 20040509171918.1
010    @dCNY2.05
100    @a19951031d1985 em y0chiy0121 ea
101 0  @achi
102    @aCN@b110000
105    @ay z 000yy
106    @ar
200 10 @a跟我学@Agen wo xue@e中国版@h上册@f中央电视台电视教育部,英语广播公司英语教学部编
210    @a北京@c中国广播电视出版社@d1985
215    @a408页@d20cm
606    @a英语@x电视教育@x教材
606 0  @a英语
690    @aH319.4@v3
690    @aH31
711 02 @a中央电视台电视教育部@4编@Azhong yang dian shi tai dian shi jiao yu bu
711 02 @a英语广播公司英语教学部@4编@Aying yu guang bo gong si ying yu jiao xue bu
801  0 @aCN@b深圳图书馆@c20040509
801  2 @aCN@bNLC@c20040509
905    @f1@b137600@f1@b137603@f1@b137604@f1@b137607@f1@b137692@f1@b137605@dH31@e171:1
    
    跟我学:中国版.上册/中央电视台电视教育部,英语广播公司英语教学部编.-北京:中国广播电视出版社,1985
    408页;20cm
    
    
    ISBN :CNY2.05
    
●
相关链接 在E读中查询图书 在五车中查询图书 在当当中查询图书 在豆瓣中查询图书


正题名:跟我学     索取号:H31/171:1         预约/预借

序号 登录号 条形码 馆藏地/架位号 状态 备注
1 0137600   000931834   第四借阅区/ [索取号:H31/171:1] 在馆    
2 0137602   000932049   第四借阅区/ [索取号:H31/171:1] 在馆    
3 0137603   000931718   第四借阅区/ [索取号:H31/171:1] 在馆    
4 0137604   000933388   第四借阅区/ [索取号:H31/171:1] 在馆    
5 0137605   000931790   第四借阅区/ [索取号:H31/171:1] 在馆    
6 0137607   000933468   第四借阅区/ [索取号:H31/171:1] 在馆    
7 0137608   000933501   第二样本阅览室/ [索取号:H31/171:1] 在馆    
唐山师范学院图书馆 欢迎您!
大连网信软件有限公司© 版权所有